01188nam a2200205 4500003000900000020001800009040002800027082001500055100002800070245014000098260003100238300001800269490002500287520053500312650003100847650003100878650003100909700002200940700002000962CO-ViMGA a9789588948362 aCO-ViMGAbspacCO-ViMGA04a823 bD13b1 aDahl, Roald d1916-199010aEl buen amigo gigante :b(el gran gigante bonachón) /cRoald Dahl ; ilustraciones de Quentin Blake ; traducción de Pedro Barbadillo aBogota :bAlfaguara,c2016 a204 p. :bil. aAlfaguara clásicos aNuestro amigo el gigante no es un gigante rompe huesos cualquiera... Es demasiado amable y desordenado. Y eso es una suerte enorme para la pequeña Sofía, porque si cualquiera de los otros gigantes se la hubiera llevado en mitad de la noche, pronto se habría convertido en su desayuno. Cuando Sofía oye que los gigantes se van a ir de una galopada a Inglaterra para devorar a unos cuantos mocosos muy apetitosos, ¡ella y su amigo el gigante deciden detenerlos de una vez por todas!...tomado de la contracubierta del libro 14aAmistadxCuentos juveniles14aCuentos juveniles ingleses14aLiteratura juvenil inglesa1 aBarbadillo, Pedro1 aBlake, Quentin